000 00446nam a22001817a 4500
003 MPLRDC
005 20220104144119.0
008 210129b ||||| |||| 00| 0 eng d
082 _a857.622 HL v.24
100 _a何洛著
245 _a二十年来香港惊人罪案
_c
250 _a初版
260 _a
_b环球图书杂志出版社出版
_c1986
300 _b
490 _a奇案实录
650 _a
942 _cBK
_o857.622 HL v.24
999 _c46504
_d46494